| 000 | nam a22 a 4500 | ||
|---|---|---|---|
| 999 |
_c390828 _d390828 |
||
| 003 | BLK | ||
| 005 | 20201029110309.0 | ||
| 008 | 180409b bul|||||r ||||||| ||bul|| | ||
| 010 | _aKNG00119219000 | ||
| 040 | _aBLK | ||
| 041 |
_aFRE _cFRE |
||
| 080 |
_aФизика _b53 _x(075.8) _z53(075.8) |
||
| 100 |
_aJamin, Jules-Célestin _eпърви автор _9435391 |
||
| 139 | _aJamin, Jules-Célestin | ||
| 245 | 1 | 0 |
_aCours de physique de l'École polytechnique _bT. I- _cJules-Célestin, Jamin _nT. III |
| 250 | _a4. Ed. augm. et entierement ref. | ||
| 257 | _aFRA | ||
| 260 |
_aParis _bGauthier - Villars _c1887 _9218894 |
||
| 300 | _c22 cm | ||
| 380 | _a5 | ||
| 490 |
_9435080 _aКолекция Редки и ценни издания |
||
| 500 | _aДатирано: Ил. Ал. Ив. Квартирников, Виена 1896 | ||
| 650 | 7 |
_aФизика - учебници за ВУЗ _9175269 |
|
| 653 | _aфизика | ||
| 760 |
_aJamin, Jules-Célestin _b4. Ed. _dParis, 1887 _h202, 206 p.: със сх., табл. _oT. III |
||
| 852 |
_aРф 886 _bРц |
||
| 856 | 4 | _qpdf | |
| 856 | 4 | _qpdf | |
| 942 |
_cKNG _n0 _s1 |
||
| 944 |
_aCR _c2020-10-29 _lТД _kЛюдмила_Стоянова |
||
| 944 |
_aED _c12.10.2010 _lф / |
||
| 999 | _d390828 | ||
| 999 | _d390793 | ||
| 999 | _d390793 | ||
| 999 | _d390793 | ||
| 999 | _d390345 | ||
| 999 | _d390345 | ||
| 999 | _d390345 | ||
| 999 | _d113799 | ||